000 00397nam a2200169Ia 4500
005 20250423100209.0
008 250422s9999 xx 000 0 und d
020 _a0-673-46561-6
050 _aHB 172 .B95/
100 _aRalph T Byrns
245 0 _aMicroeconomics
260 _aNew York
260 _bHarperCollins Publishers
260 _c1992
650 _a1. Microeconomics
942 _cBK
999 _c32574
_d32574